| 000 | 00384nam a22001217a 4500 | ||
|---|---|---|---|
| 008 | 200219b ||||| |||| 00| 0 eng d | ||
| 020 | _a9789350235034 | ||
| 082 | _a005.133 GEH | ||
| 100 | _aGEORGE, Lars | ||
| 245 |
_aHBase: The Definitive Guide _bRandom Access to Your Planet-Size Data _hEnglish _kDimensions: 24 x 18 x 1 cm |
||
| 250 |
_aFirst edition _b2011 |
||
| 260 |
_aNew Delhi _bShroff |
||
| 999 |
_c8467 _d8467 |
||